01270nam a2200301 i 4500999001700000003000900017005001700026008004100043020001500084020001800099040004300117082002100160100004400181245012600225264005100351300002300402336002600425337002800451338002700479650004700506653002700553655001400580700005200594740001900646942001300665952014500678952014500823 c27914d27885EG-ScBUE20191217134717.0191130s1990 ua f 000 d eng d a9770555665 a9789770555668 aEG-ScBUEbengerdacEG-ScBUEdEG-ScBUE04a822.914bPIN2221 aPinter, Harold,‏d1930-2008,eauthor.14aThe room ;bThe caretaker /cPinter ; with an introduction by Dr. M. Talaat Hefni, a. prof. Eng. lit. Zagazig University. 1aCairo :bThe Anglo-Egyption Bookshop,c[1990?] a183 pages ;c19 cm atextbtxt2rdacontent aunmediatedbn2rdamedia avolumebnc2rdacarrier 7aEnglish dramay20th century.2BUEsh924971 bHHUUEENNcNovember2019 vText book1 4Hefni, M. Talaat,eauthor of introduction, etc.42aThe Caretaker. 2ddccTXT 00102ddc40708BaccahaMAINbMAINc2NDd2019-11-30ePurchaseg30.00l0o822.914 PINp000048391r2025-07-15 00:00:00v37.50w2019-11-30yNB 00102ddc40708BaccahaMAINbMAINc2NDd2019-11-30ePurchaseg30.00l0o822.914 PINp000048392r2025-07-15 00:00:00v37.50w2019-11-30yBB